LEADER 01326nas 2200385-a 450 001 9910144792403321 005 20240413025940.0 035 $a(CKB)991042732728408 035 $a(CONSER)---97650508- 035 $a(EXLCZ)99991042732728408 100 $a19970623a19uu9999 --- - 101 0 $aita 200 03$aLe carte e la storia $ebollettino semestrale della Società per gli studi di storia delle istituzioni 210 $aSiena $cNuova immagine 215 $a1 online resource 300 $aRefereed/Peer-reviewed 311 08$aPrint version: Le carte e la storia : 1123-5624 (DLC) 97650508 (OCoLC)37174996 606 $aPublic administration$zItaly$vPeriodicals 606 $aGeschichte$2swd 606 $aZeitschrift$2swd 606 $aPublic administration$2fast$3(OCoLC)fst01081976 607 $aItalien$2swd 607 $aItaly$2fast$1https://id.oclc.org/worldcat/entity/E39PBJvd8mVMcRhwVmbtcqCPcP 608 $aPeriodicals.$2fast 615 0$aPublic administration 615 07$aGeschichte. 615 07$aZeitschrift. 615 7$aPublic administration. 676 $a351.45/005 712 02$aSocieta? per gli studi di storia delle istituzioni. 906 $aJOURNAL 912 $a9910144792403321 920 $aexl_impl conversion 996 $aCarte e la storia$9796605 997 $aUNINA